| 000 | 01368nam a2200265Ia 4500 | ||
|---|---|---|---|
| 003 | OSt | ||
| 005 | 20210609160245.0 | ||
| 008 | 210310s2007 ck adb gr 000 0 spa d | ||
| 020 | _a9789588340104 | ||
| 040 |
_aCO-JMCR _cCO-JMCR |
||
| 041 | 0 | _aspa | |
| 082 | 0 | 4 |
_a333.716 / _bC718c _223 |
| 110 | 1 |
_aColombia. _bDepartamento Nacional de Planeación _938259 |
|
| 245 | 1 | 0 |
_aConsolidar una gestión ambiental que promueva el desarrollo sostenible : _bpropuesta para discusión / _cDepartamento Nacional de Planeación |
| 260 |
_aBogotá : _bDNP, _c2007 |
||
| 300 |
_axxii, 140 páginas : _bilustraciones y gráficas a blanco y negro ; _c28 cm. |
||
| 490 | 0 | _aVision colombia II centenario | |
| 500 | _aIncluye notas a pie de página. | ||
| 504 | _aBibliografía: páginas 129-140 | ||
| 505 | 0 | _aMarco general: gestión ambiental y desarrollo sostenible -- Visión estratégica y principios fundamentales -- Aprovechar sosteniblemente el potencial de la biodiversidad -- Incorporar consideraciones ambientales en los procesos sectoriales -- Incorporar las consideraciones de riesgo en la planificación y la gestión -- Fortalecer el sistema ambiental nacional -- Plan de inversiones | |
| 650 | 1 | 4 |
_aGestión ambiental _915901 _zColombia |
| 650 | 2 | 4 |
_aPolítica ambiental _zColombia _938260 |
| 650 | 2 | 4 |
_aDesarrollo sostenible _zColombia _910195 |
| 942 |
_2ddc _cBK |
||
| 999 |
_c7948 _d7948 |
||